000
00484nam a2200169Ia 4500
008
090123s9999 xx 000 0 und d
082
_b
5582
100
_a
जोशी आशा
245
_a
समुद्रातली राणी
250
_a
1
300
_a
79
600
_a
जोशी आशा
630
_a
समुद्रातली राणी
700
_a
जोशी आशा
730
_a
समुद्रातली राणी
942
_c
BOOK
999
_c
43646
_d
43646